00665nab a2200193 uc450000100070000000500170000700800410002403500110006503500210007604000130009704100080011010000330011824501280015165000210027965000170030065000140031765000130033177301270034458543820240201133354.0000322e19990105 spa  a585438 a(OCoLC)819825288 ccomduadb aspa10aGrossman, Jonathan4auteaut10aViolencia y silencio : Reescribir el futuro silenciar. La experiencia la resistencia y la esperanza de la clase trabajadora 7aViolencia2embne aTrabajadores aApartheid aÁfrica0 tHistoria, Antropología y Fuentes Orales (Barcelona)gNúmero 21, Enero-Junio 1999, p. 131-148w132470x1136-1700066028